01019nam a2200277 a 45000010005000000030010000050050017000150080041000320200015000730400025000880800021001131000025001342400037001592450178001962500012003742600035003863000019004215000041004405040025004816500044005066500027005506500029005776510055006067000050006617000030007111088BR-CuiBMT20231128173621.0231128s2010 spba 000 0 por d a8531606446 aBR-CuiBMTcBR-CuiBMT 22007a330.342.141 aHawken, Paul,d1946- aNatural capitalism.lPortuguês aCapitalismo natural :bcriando a próxima revolução industrial /cPaul Hawken, Amory Lovins, L. Hunter Lovins ; tradução, Luiz A. de Araújo, Maria Luiza Felizardo a13. ed. aSão Paulo :bCultrix,c2010. a358 p.:c23 cm aTradução de: Natural capitalism. aInclui bibliografia. aCapitalismoxPrevisãozEstados Unidos aPrevisão econômica aRevolução industrial04aEstados UnidosxPolítica econômicay1993-2001. aLovins, Amory B.,d1947-qLovins, Amory Bloch aLovins, L. Hunter,d1950-